000 00525nam a2200181Ia 4500
005 20250326124357.0
008 250326s9999 xx 000 0 und d
037 _aTextbook
040 _aFMSL
_beng
_cFMSL
041 _aeng
_2eng
084 _aX:77v73 L2
_qFMSL
100 _aDavis L E
_998336
245 0 _aAmercian economic growth: economist's history of the United States
_cDavis L E
260 _aNY
_bNY, Harper & Row
_c1972
300 _a682p
942 _cTB
_hX:77v73 L2
999 _c1273483
_d1273483